Library Banner

تصیحح الاغلاط (Record no. 79054)

MARC details
000 -LEADER
fixed length control field 00436nam a22001457a 4500
005 - DATE AND TIME OF LATEST TRANSACTION
control field 20151117112611.0
008 - FIXED-LENGTH DATA ELEMENTS--GENERAL INFORMATION
fixed length control field 151117b xxu||||| |||| 00| 0 eng d
040 ## - CATALOGING SOURCE
Transcribing agency PK-LaUMT
082 ## - DEWEY DECIMAL CLASSIFICATION NUMBER
Classification number KHC R 415
Item number MIR-T
100 ## - MAIN ENTRY--PERSONAL NAME
Personal name میر احمد علیخان ادیب
245 ## - TITLE STATEMENT
Title تصیحح الاغلاط
Statement of responsibility, etc میر احمد علیخان ادیب
260 ## - PUBLICATION, DISTRIBUTION, ETC. (IMPRINT)
Place of publication, distribution, etc حیدرآباد
Name of publisher, distributor, etc مکتبہ عزیزیہ
Date of publication, distribution, etc 1983
300 ## - PHYSICAL DESCRIPTION
Extent 288 ص
942 ## - ADDED ENTRY ELEMENTS (KOHA)
Koha item type Books
Holdings
Withdrawn status Lost status Damaged status Home library Current library Date acquired Full call number Barcode Date last seen Price effective from Koha item type
      UMT Main Campus UMT Main Campus 2015-11-17 KHC R 415 MIR-T 69066 2015-11-17 2015-11-17 Books